[Event "Oberliga Wuerttemberg 2223"]
[Site "Wuerttemberg"]
[Date "2023.01.15"]
[Round "5.8"]
[White "Kilinc, Can"]
[Black "Macho, Roland"]
[Result "1/2-1/2"]
[WhiteElo "1944"]
[BlackElo "1968"]
[PlyCount "92"]
[EventDate "2022.09.18"]
[EventType "team-tourn"]
[EventRounds "9"]
[EventCountry "GER"]
[SourceTitle "EXT 2025"]
[Source "ChessBase"]
[SourceDate "2024.10.14"]
[SourceVersion "1"]
[SourceVersionDate "2024.10.14"]
[SourceQuality "1"]
[WhiteTeam "Schoenaich II"]
[BlackTeam "Schwaebisch Gmuend"]
[WhiteTeamCountry "GER"]
[BlackTeamCountry "GER"]

1. e4 e6 2. d4 d5 3. Nc3 Bb4 4. e5 c5 5. a3 Bxc3+ 6. bxc3 Qc7 7. Qg4 f5 8. Qg3 cxd4 9. cxd4 Ne7 10. Bd2 Nec6 11. Nf3 0-0 12. Bd3 b6 13. Qh3 h6 14. Qg3 Kh7 15. 0-0 Ba6 16. Bxa6 Nxa6 17. Rfc1 Ne7 18. Ne1 Qc4 19. Qd3 Rac8 20. Rab1 Nc6 21. Qxc4 dxc4 22. Nf3 Rcd8 23. c3 g5 24. Rd1 Nc7 25. Ne1 Na5 26. Nc2 Nb3 27. Na1 Na5 28. Nc2 Nd5 29. a4 Nb3 30. Be1 a6 31. Na3 Na5 32. Rb2 Rb8 33. Rdb1 Rfc8 34. g3 Nb3 35. Nxc4 Rxc4 36. Rxb3 Rxa4 37. Kf1 Rc8 38. Ke2 Rcc4 39. Kd3 f4 40. Bd2 b5 41. gxf4 gxf4 42. Rg1 Rc7 43. Rg4 Rf7 44. Rb1 Rc4 45. Ra1 Rc6 46. Ra3 Rg7 1/2-1/2

[Event "Staufer op 32nd"]
[Site "Schwaebisch Gmuend"]
[Date "2020.01.02"]
[Round "2"]
[White "Wirth, Volker"]
[Black "Macho, Roland"]
[Result "0-1"]
[WhiteElo "1697"]
[BlackElo "1984"]
[PlyCount "52"]
[EventDate "2020.01.02"]
[EventType "swiss"]
[EventRounds "9"]
[EventCountry "GER"]
[SourceTitle "EXT 2021"]
[Source "ChessBase"]
[SourceDate "2020.10.23"]
[SourceVersion "1"]
[SourceVersionDate "2020.10.23"]
[SourceQuality "1"]

1. d4 d5 2. c4 c6 3. Nc3 dxc4 4. a4 Nf6 5. Nf3 Bf5 6. e3 e6 7. Bxc4 Bb4 8. 0-0 0-0 9. Bd2 Nbd7 10. Nh4 Qe7 11. Nxf5 exf5 12. Rc1 Nb6 13. Bd3 g6 14. Re1 Rfe8 15. Kh1 Rad8 16. f3 Nfd5 17. e4 fxe4 18. fxe4 Nc7 19. d5 Bd6 20. a5 Nc8 21. Qg4 Be5 22. Bc4 Nd6 23. Bb3 Bxc3 24. Bxc3 Nxe4 25. Bd4 Nxd5 26. Bxa7 b6 0-1

[Event "Staufer op-A 28th"]
[Site "Schwaebisch Gmuend"]
[Date "2016.01.04"]
[Round "6"]
[White "Macho, Roland"]
[Black "Haeussler, Stefan"]
[Result "1-0"]
[WhiteElo "1940"]
[BlackElo "1949"]
[PlyCount "85"]
[EventDate "2016.01.02"]
[EventType "swiss"]
[EventRounds "9"]
[EventCountry "GER"]
[SourceTitle "CBM 170 Extra"]
[Source "ChessBase"]
[SourceDate "2016.02.25"]
[SourceVersion "1"]
[SourceVersionDate "2016.02.25"]
[SourceQuality "1"]

1. d4 f5 2. c4 Nf6 3. Nc3 e6 4. Nf3 b6 5. g3 Bb7 6. Bg2 Nc6 7. 0-0 h6 8. d5 exd5 9. cxd5 Ne7 10. d6 Ned5 11. Nh4 Nxc3 12. bxc3 Bxg2 13. Kxg2 cxd6 14. Nxf5 Qc7 15. Qd3 0-0-0 16. e4 g6 17. Nd4 Re8 18. f3 d5 19. e5 Nh5 20. g4 Ng7 21. Bf4 g5 22. Bg3 Ne6 23. Nb5 Qb7 24. Rfe1 h5 25. gxh5 Bc5 26. Rad1 Rxh5 27. Nd6+ Bxd6 28. exd6 Rg8 29. Qf5 Nf4+ 30. Kf2 Nh3+ 31. Kf1 Qa6+ 32. Qd3 Qxa2 33. Ra1 Qc4 34. Qxc4+ dxc4 35. Rxa7 Rhh8 36. Rc7+ Kb8 37. Rxd7 Nf4 38. Ree7 Rd8 39. Rb7+ Ka8 40. Ra7+ Kb8 41. Reb7+ Kc8 42. Rc7+ Kb8 43. d7 1-0

[Event "Staufer op-A 28th"]
[Site "Schwaebisch Gmuend"]
[Date "2016.01.03"]
[Round "3"]
[White "Krivoborodov, Vasily"]
[Black "Macho, Roland"]
[Result "0-1"]
[WhiteElo "1640"]
[BlackElo "1940"]
[PlyCount "100"]
[EventDate "2016.01.02"]
[EventType "swiss"]
[EventRounds "9"]
[EventCountry "GER"]
[SourceTitle "CBM 170 Extra"]
[Source "ChessBase"]
[SourceDate "2016.02.25"]
[SourceVersion "1"]
[SourceVersionDate "2016.02.25"]
[SourceQuality "1"]

1. e4 c5 2. Nf3 Nc6 3. d4 cxd4 4. Nxd4 g6 5. Nc3 Bg7 6. Be3 Nf6 7. Be2 d6 8. 0-0 0-0 9. h3 Nd7 10. Qd2 Nxd4 11. Bxd4 Bxd4 12. Qxd4 Qb6 13. Qxb6 Nxb6 14. Rfd1 Bd7 15. Nd5 Nxd5 16. exd5 b5 17. c4 b4 18. Rdc1 Rfc8 19. b3 a5 20. a3 Kf8 21. f4 Rcb8 22. Bd1 Ke8 23. Kf2 Kd8 24. Ke3 a4 25. bxa4 b3 26. Rab1 b2 27. Rc3 Bf5 28. Bc2 Bxc2 29. Rxc2 Rb3+ 30. Kd2 Rxa4 31. Rcxb2 Rxb2+ 32. Rxb2 Rxa3 33. Ke2 Kc7 34. Kf2 h5 35. Re2 Kd7 36. Re3 Ra4 37. Rc3 e6 38. Kg3 exd5 39. cxd5 Rd4 40. Ra3 Rxd5 41. Ra7+ Ke6 42. Rc7 Rc5 43. Rb7 d5 44. Rb8 d4 45. Rd8 Rd5 46. Re8+ Kf5 47. Kf3 d3 48. g4+ hxg4+ 49. hxg4+ Kf6 50. Rc8 d2 0-1

[Event "Staufer op 25th"]
[Site "Schwaebisch Gmuend"]
[Date "2013.01.06"]
[Round "9"]
[White "Bluma, Marcel"]
[Black "Macho, Roland"]
[Result "1-0"]
[WhiteElo "2097"]
[BlackElo "1993"]
[PlyCount "57"]
[EventDate "2013.01.02"]
[EventType "swiss"]
[EventRounds "9"]
[EventCountry "GER"]
[SourceTitle "CBM 152 Extra"]
[Source "ChessBase"]
[SourceDate "2013.02.25"]
[SourceVersion "1"]
[SourceVersionDate "2013.02.25"]
[SourceQuality "1"]

1. e4 c5 2. Nf3 Nc6 3. d4 cxd4 4. Nxd4 g6 5. Nc3 Bg7 6. Be3 Nf6 7. Be2 0-0 8. 0-0 d5 9. exd5 Nxd5 10. Nxd5 Qxd5 11. Nxc6 Qxc6 12. Bf3 Qc7 13. c3 Be6 14. Qa4 Bd7 15. Qh4 e6 16. Rfd1 f5 17. Bc5 Rf7 18. Qb4 Bc6 19. Bxc6 bxc6 20. Rd6 Rd7 21. Rxe6 Rad8 22. Qc4 Kh8 23. g3 h5 24. Rxg6 Rd1+ 25. Rxd1 Rxd1+ 26. Kg2 Qd7 27. Bd4 Rxd4 28. cxd4 Qb7 29. Qxc6 1-0

[Event "Staufer op 21st"]
[Site "Schwaebisch Gmuend"]
[Date "2009.01.02"]
[Round "2"]
[White "Kabisch, Thilo"]
[Black "Macho, Roland"]
[Result "1-0"]
[WhiteElo "2241"]
[BlackElo "2009"]
[PlyCount "107"]
[EventDate "2009.01.02"]
[EventType "swiss"]
[EventRounds "9"]
[EventCountry "GER"]
[SourceTitle "CBM 128 Extra"]
[Source "ChessBase"]
[SourceDate "2009.03.05"]
[SourceVersion "2"]
[SourceVersionDate "2009.03.25"]
[SourceQuality "1"]

1. e4 c5 2. Nf3 Nc6 3. d4 cxd4 4. Nxd4 g6 5. c4 Bg7 6. Be3 Nf6 7. Nc3 0-0 8. Be2 d6 9. 0-0 Bd7 10. f3 a6 11. Qd2 Ne8 12. Rfd1 Nc7 13. c5 Nxd4 14. Bxd4 Bxd4+ 15. Qxd4 Ne6 16. Qd2 Nxc5 17. e5 Bc6 18. exd6 exd6 19. Qxd6 Qxd6 20. Rxd6 Rfd8 21. Rad1 Rxd6 22. Rxd6 Kf8 23. b4 Ne6 24. Rd2 Rd8 25. Rb2 b5 26. a4 Nf4 27. Bf1 bxa4 28. Bxa6 Rb8 29. b5 Nd3 30. bxc6 Nxb2 31. c7 Ra8 32. c8Q+ Rxc8 33. Bxc8 a3 34. Bb7 Ke7 35. Bd5 Nd3 36. Bc4 Ne5 37. Ba2 Nd3 38. Kf1 f5 39. Bc4 Ne5 40. Bg8 Nc6 41. Nb5 Kf8 42. Bc4 Ke7 43. Nxa3 Kf6 44. Nc2 g5 45. Ke2 Ke5 46. Bb5 Ne7 47. Nb4 Kd6 48. Nd3 Nd5 49. Bc4 Nb6 50. Bg8 h6 51. f4 gxf4 52. Kf3 Nc8 53. Kxf4 Ne7 54. Bf7 1-0